| 000 | 00314 a2200133 4500 | ||
|---|---|---|---|
| 001 | 93051 | ||
| 082 | _a358.4 PAF | ||
| 090 |
_c44707 _d44708 |
||
| 100 | _aPAF | ||
| 245 | _aPAF compass; steering to the future | ||
| 260 |
_aIslamabad _bPAF _c2016 |
||
| 300 | _avii, 67 p | ||
| 610 | _aPakistan air force -compass | ||
| 942 |
_aCAE NUST _k358.4 PAF |
||
| 999 |
_c328124 _d328124 |
||